The house maiden

Bibliographic Details
Other Authors: Anitha Balachandran
Format: Book
Published: India : Penguin book India , 2004
Series:Ladybird favourite tales
Subjects:

MARC

LEADER 00000cam a2200000 7i4500
001 0000003935
005 20220105103954.0
008 070720
020 |a 1844224759 
090 0 0 |a JP   |b FT ENG (5104) 
245 0 4 |a The house maiden   |c This Ladybird retelling by Kalpish Ratna;Illustrated by Anitha Balachandran 
260 |a India :   |b Penguin book India ,   |c 2004 
440 |a Ladybird favourite tales 
500 |a Children age 4-6 years old (yellow) 
650 0 |a Fairy tale 
650 0 |a Junior preschool   |x English   |x Languages 
700 0 |a Anitha Balachandran 
999 |a 0000894530   |b Book   |c Children Collection   |e Cawangan Mersing 
999 |a 0000894531   |b Book   |c Children Collection   |e Cawangan Segamat 
999 |a 0000894534   |b Book   |c Children Collection   |e Cawangan Tmn. Ungku Tun Aminah 
999 |a 0000894537   |b Book   |c Children Collection   |e Cawangan Pontian 
999 |a 0000894538   |b Book   |c Children Collection   |e Cawangan Bandar Penawar 
999 |a 0000894582   |b Book   |c Children Collection   |e Cawangan Tangkak 
999 |a 0000972771   |b Book   |c Children Collection   |e Perbadanan Perpustakaan Awam Johor 
999 |a 0000972773   |b Book   |c Children Collection   |e Perbadanan Perpustakaan Awam Johor 
999 |a 0000972774   |b Book   |c Children Collection   |e Perbadanan Perpustakaan Awam Johor 
999 |a 0000972775   |b Book   |c Children Collection   |e Perbadanan Perpustakaan Awam Johor